000 00892nam a2200253Ia 4500
003 OSt
005 20220927105552.0
006 a|||||r|||| 00| 0
007 ta
008 220926b |||||||| |||| 00| 0 eng d
024 _a177251
037 _cReference Collections
040 _aRTL
_cRTL
_beng
041 _2eng
_aeng
082 _a"X:54.1N45.N88s, M8/UN"
110 _a"UNITED NATIONS, ECONOMIC AND SOCIAL INFORMATION AND POLICY ANALYSIS (Department of--)"
_9373373
245 0 _a"Commodity trade statistics, 1988."
260 _aNew
_bYork United Nations
_c1988
300 _a356p.
_ccm.
500 _a"Statistical papers series D, Vol. XXXV, no. 1-17"
700 _a"UNITED NATIONS, ECONOMIC AND SOCIAL INFORMATION AND POLICY ANALYSIS (Department of--)"
_9373374
942 _h"X:54.1N45.N88s, M8/UN"
_cCC
999 _c693153
_d693153